| 000 | 00890nam a2200217Ia 4500 | ||
|---|---|---|---|
| 001 | b4219-26516 [3787] | ||
| 003 | IT-MiCISF | ||
| 008 | 161014s9999||||xx |||||||||||||| ||und|| | ||
| 040 |
_aIT-MiCISF _cIT-MiCISF |
||
| 041 | _ait | ||
| 100 | _aNovelletto Arnaldo (a cura di) | ||
| 245 | 0 | _aSeparazione e solitudine in adolescenza | |
| 250 | _a1a ed. | ||
| 260 |
_a Roma _bBorla _c1997 |
||
| 300 | _app. 242 | ||
| 500 | _aAliprandi M.T., Andreassi S., Bergamachi L., Bertolini M., Biondo D., Bommarito F., Carbone Tirelli L., Carra C., Condini A., Cotelli Porrino A., Di Benedetto P., Erlicher P., Francescon P., Gilson M.C., Goisis P.R., etc... / adolescenza, distacco, solitudine, psicoanalisi, case-studies, terapia, figli-adottivi, disturbi-alimentazione / | ||
| 650 | _aetà -evolutiva | ||
| 700 | _aRicciardi Cristina (a cura di) | ||
| 942 | _cBK | ||
| 957 | _71 | ||
| 999 |
_a26516 _bsi _g1 _c213072 _d213072 |
||